000 00728nam a22002177a 4500
003 OSt
005 20251024014527.0
008 251010b |||||||| |||| 00| 0 eng d
020 _a13:978-033522144-8.
040 _aDWCL-Main lib
_cOC
082 _aCirc. 373.1102 B398 2007
245 _aBecoming a teacher :
_bissues in secondary teaching
260 _aEngland :
_bOpen University Press,
_cc2007.
300 _axxi, 369 pages ;
_b24 cm.
504 _aIncludes index.
650 _21. Classroom management-Great Britain.
650 _22. Curriculum planning-Great Britain.
650 _23. High school teaching-Great Britain.
650 _24. High school teaching-Social aspects.
942 _2ddc
_cBK-CIRC
_e3rd ed.
_kCirc.
_n0
999 _c4820
_d4820